书目信息 |
| 题名: |
垒球
|
|
| 作者: | 王广 , 谢静 编著 | |
| 分册: | ||
| 出版信息: | 长春 吉林出版集团股份有限公司 2020.04 |
|
| 页数: | 122页 | |
| 开本: | 23cm | |
| 丛书名: | 全民健身计划系列丛书 | |
| 单 册: | ||
| 中图分类: | G848.2 | |
| 科图分类: | ||
| 主题词: | 垒球运动--lei qiu yun dong--基本知识 | |
| 电子资源: | ||
| ISBN: | 978-7-5581-9480-1 | |
| 000 | 01040nam 2200289 450 | |
| 001 | CAL 0120217296022 | |
| 005 | 20230217093112.0 | |
| 010 | @a978-7-5581-9480-1@dCNY36.00 | |
| 100 | @a20211228d2020 em y0chiy0120 ea | |
| 101 | 0 | @achi |
| 102 | @aCN@b220000 | |
| 105 | @aa z 000yy | |
| 106 | @ar | |
| 200 | 1 | @a垒球@Alei qiu@f王广, 谢静编著 |
| 210 | @a长春@c吉林出版集团股份有限公司@d2020.04 | |
| 215 | @a122页@c彩图@d23cm | |
| 225 | 2 | @a全民健身计划系列丛书@Aquan min jian shen ji hua xi lie cong shu |
| 312 | @a英文题名取自封面 | |
| 330 | @a本书介绍了垒球的起源与发展、场地和装备、自我身体评价、运动保护、基本技术、基础战术、比赛规则等, 通过图解、示范和教授垒球的每个动作规范、基本技术要领, 可使学员轻松掌握垒球的基本知识和技巧。 | |
| 410 | 0 | @12001 @a全民健身计划系列丛书 |
| 510 | 1 | @aSoftball@zeng |
| 606 | 0 | @a垒球运动@Alei qiu yun dong@x基本知识 |
| 690 | @aG848.2@v5 | |
| 701 | 0 | @a王广@Awang guang@4编著 |
| 701 | 0 | @a谢静@Axie jing@4编著 |
| 801 | 0 | @aCN@bBJXHZP@c20230222 |
| 905 | @b1379313-6@dG848.2@e2063@f4 | |
| 垒球/王广, 谢静编著.-长春:吉林出版集团股份有限公司,2020.04 |
| 122页:彩图;23cm.-(全民健身计划系列丛书) |
| ISBN 978-7-5581-9480-1:CNY36.00 |
| 本书介绍了垒球的起源与发展、场地和装备、自我身体评价、运动保护、基本技术、基础战术、比赛规则等, 通过图解、示范和教授垒球的每个动作规范、基本技术要领, 可使学员轻松掌握垒球的基本知识和技巧。 |
| ● |
| 相关链接 |
|
|
|
|
正题名:垒球
索取号:G848.2/2063
 
预约/预借
| 序号 | 登录号 | 条形码 | 馆藏地/架位号 | 状态 | 备注 |
| 1 | 1379313 | 213793135 | 第一样本阅览室/ [索取号:G848.2/2063] | 在馆 | |
| 2 | 1379314 | 213793144 | 第四借阅区/ [索取号:G848.2/2063] | 在馆 | |
| 3 | 1379315 | 213793153 | 第四借阅区/ [索取号:G848.2/2063] | 在馆 | |
| 4 | 1379316 | 213793162 | 第四借阅区/ [索取号:G848.2/2063] | 在馆 |